Statistics for Guess The Element! (VERY Hard)

Click here to take the quiz!

General Stats

  • This quiz has been taken 7 times
  • The average score is 9 of 16

Answer Stats

HintAnswer% Correct
Named after a collegeBerkelium
67%
There is a rumor of this element being on dollar billsCalifornium
67%
Last Element on the Uranium Decay chainLead
67%
The creator of the Periodic Tables elementMendelevium
67%
Illegal in red formPhosphorus
67%
Trinite is made out of what?Plutonium
67%
What is "Prot" Of what element?Actinium
50%
Rarest Element on EarthAstatine
50%
Cesium 137 mixed with what other element makes a deadly blue substance?Chlorine
50%
Second Rarest Element on EarthFrancium
50%
Heaviest actinideLawrencium
50%
What is the element named after the inventor of X-rays?Roentgenium
50%
Least Heavy Radioactive elementTechnetium
50%
Used in Cold Weather thermometersThallium
50%
Used in dim lightsEuropium
33%
Radioactive element that turns into gas upon air contactCopernicium
17%

Score Distribution

Percentile by Number Answered

Percent of People with Each Score

Your Score History

You have not taken this quiz